Southville International School and Colleges
Your cart is empty.
  • Cart
  • Lists
    Public lists Eva Luna New books Lux_list list_1
    Your lists Log in to create your own lists
  • Log in to your account
  • Your cookies
  • Search history
Southville International School and Colleges
  • Advanced search
  • Recent comments
  • Most popular
  • Libraries

Log in to your account

Log in with GOOGLE


If you do not have an external account, but do have a local account, you can still log in:

  1. Home
  2. MARC view: Map math :
Normal view MARC view ISBD view

Map math : (Record no. 112809)

[ view plain ]
MARC details
000 -LEADER
fixed length control field 00819nam a2200241 a 4500
001 - CONTROL NUMBER
control field 4128
005 - DATE AND TIME OF LATEST TRANSACTION
control field 20140414131952.0
008 - FIXED-LENGTH DATA ELEMENTS--GENERAL INFORMATION
fixed length control field 090209s19uu xx 00 eng d
020 ## - INTERNATIONAL STANDARD BOOK NUMBER
International Standard Book Number 1-4042-5133-2
050 ## - LIBRARY OF CONGRESS CALL NUMBER
Classification number TR 912.01
Item number Z8 2005
100 ## - MAIN ENTRY--PERSONAL NAME
Personal name Zuravicky, Orli
245 ## - TITLE STATEMENT
Title Map math :
Statement of responsibility, etc Orli Zuravicky.
Remainder of title learning about latitude and longitude using coordinate systems /
260 ## - PUBLICATION, DISTRIBUTION, ETC. (IMPRINT)
Place of publication, distribution, etc New York :
Name of publisher, distributor, etc The Rosen,
Date of publication, distribution, etc c2005.
300 ## - PHYSICAL DESCRIPTION
Extent 32 p. : col., ill. cm.
440 ## - SERIES STATEMENT/ADDED ENTRY--TITLE
Title PowerMath
500 ## - GENERAL NOTE
General note Includes index.
520 ## - SUMMARY, ETC.
Summary, etc Contents: What is a map?--Global direction--Latitude and Longitude--Mapping global differences--Our world.
650 ## - SUBJECT ADDED ENTRY--TOPICAL TERM
Topical term or geographic name as entry element Map reading
General subdivision Juvenile literature.
650 ## - SUBJECT ADDED ENTRY--TOPICAL TERM
Topical term or geographic name as entry element Latitude
General subdivision Juvenile literature.
650 ## - SUBJECT ADDED ENTRY--TOPICAL TERM
Topical term or geographic name as entry element Longitude
General subdivision Juvenile literature.
Holdings
Withdrawn status Lost status Damaged status Use restrictions Home library Current library Shelving location Date acquired Source of acquisition Total Checkouts Full call number Barcode Date last seen Price effective from Koha item type
        Munich Library Munich Library Teachers Reference Section 02/09/2009     TR 912.01 Z8 2005 M4200 04/14/2014 04/14/2014 Books
        Munich Library Munich Library Teachers Reference Section 02/10/2009     TR 912.01 Z8 2005 M4530 04/14/2014 04/14/2014 Books

Map math :

APA

Zuravicky O., . (2005). Map math. New York: The Rosen.

Chicago

Zuravicky Orli, . 2005. Map math. New York: The Rosen.

Harvard

Zuravicky O., . (2005). Map math. New York: The Rosen.

MLA

Zuravicky Orli, . Map math. New York: The Rosen. 2005.

  • Place hold
  • Print
  • Cite
  • Add to your cart (remove)
  • Save record
    BIBTEX Dublin Core MARCXML MARC (non-Unicode/MARC-8) MARC (Unicode/UTF-8) MARC (Unicode/UTF-8, Standard) MODS (XML) RIS
  • More searches
    Search for this title in:
    Other Libraries (WorldCat) Other Databases (Google Scholar) Online Stores (Bookfinder.com) Open Library (openlibrary.org)

Exporting to Dublin Core...

SOUTHVILLE LIBRARY

Southville International School and Colleges Library

1281 Tropical Ave. Cor. Luxembourg St., BF Homes International, Las Pinas City

Tel. No. 8256374 / 252358 Loc. 117/146

Powered by Koha